| 000 | 00997nam a2200325Ia 4500 | ||
|---|---|---|---|
| 003 | OSt | ||
| 005 | 20220912144925.0 | ||
| 006 | a|||||r|||| 00| 0 | ||
| 007 | ta | ||
| 008 | 220909b |||||||| |||| 00| 0 eng d | ||
| 020 | _a9781405162500 (pbk) | ||
| 024 | _a113048 | ||
| 037 | _b395, 05/07/2010, Aviva Books Company | ||
| 037 | _cTextbook | ||
| 040 |
_aCSL _beng _cCSL |
||
| 041 | _aeng | ||
| 082 | _aH411, Q0 TH | ||
| 100 | _aLockwood John P | ||
| 245 | 0 | _aVolcanoes:global perspectives | |
| 260 |
_aNew Jersey _bWiley-Blackwell _c2010 |
||
| 300 |
_aix, 539p. _ccm. |
||
| 500 | _aIncludes bibliographical references.; Appendix 538-539p.; Index 521-539p. | ||
| 650 | _a Volcanism-textbooks | ||
| 650 | _a Volcanoes-textbooks | ||
| 650 | _a Volcanology | ||
| 650 | _aGeology | ||
| 700 | _a Hazlett Richard W | ||
| 942 |
_hH411, Q0 TH _cTB _2CC |
||
| 999 |
_c19153 _d19153 |
||